000 00343nam a2200133Ia 4500
008 220120s9999||||xx |||||||||||||| ||und||
082 _a005.453 AHO
100 _aAho, Alfred V and others
245 0 _aCompilers
250 _a2nd
260 _aPearson education of asia
_bNew Delhi
_c2013
300 _a1065p.
_b0
650 _aCOMPUTER SCIENCE
999 _c132823
_d132823